书目信息 |
| 题名: |
游移与转换
|
|
| 作者: | 孙立人 著 | |
| 分册: | ||
| 出版信息: | 桂林 广西师范大学出版社 2006 |
|
| 页数: | 223页 | |
| 开本: | 21cm | |
| 丛书名: | ||
| 单 册: | ||
| 中图分类: | TU-862 | |
| 科图分类: | ||
| 主题词: | 建筑艺术--研究--中国 | |
| 电子资源: | ||
| ISBN: | 7-5633-5802-1 | |
| 000 | 00823nam0 2200229 450 | |
| 001 | 1552770614 | |
| 005 | 20150118144002.75 | |
| 010 | @a7-5633-5802-1@dCNY28.00 | |
| 100 | @a20060426d2006 em y0chiy50 ea | |
| 101 | 0 | @achi |
| 102 | @aCN@b450000 | |
| 105 | @aa z 000yy | |
| 200 | 1 | @a游移与转换@9you yi yu zhuan huan@e对建筑艺术的思考@f孙立人著 |
| 210 | @a桂林@c广西师范大学出版社@d2006 | |
| 215 | @a223页@c图@d21cm | |
| 330 | @a本书视角在建筑与艺术、村落与都市、传统与现代、历史与未来之间游移转换,有沉思,有感叹,有批评,有预言,力图透过纷呈的建筑文化现象,探询建筑深处的真实与人性。 | |
| 517 | 1 | @a对建筑艺术的思考@9dui jian zhu yi shu de si kao |
| 606 | 0 | @a建筑艺术@x研究@y中国 |
| 690 | @aTU-862@v5 | |
| 701 | 0 | @a孙立人@9sun li ren@f(1956~)@4著 |
| 801 | 0 | @aCN@bTSSF@c20150118 |
| 905 | @aZUCC@dTU-862@eJY73 | |
| 游移与转换:对建筑艺术的思考/孙立人著.-桂林:广西师范大学出版社,2006 |
| 223页:图;21cm |
| ISBN 7-5633-5802-1:CNY28.00 |
| 本书视角在建筑与艺术、村落与都市、传统与现代、历史与未来之间游移转换,有沉思,有感叹,有批评,有预言,力图透过纷呈的建筑文化现象,探询建筑深处的真实与人性。 |
| ● |
| 相关链接 |
|
|
|
|
正题名:游移与转换
索取号:TU-862/JY73
 
预约/预借
| 序号 | 登录号 | 条形码 | 馆藏地/架位号 | 状态 | 备注 |
| 1 | 7848839 | 278488398 | 学院路分馆/ [索取号:TU-862/JY73] | 在馆 | |
| 2 | 7848840 | 278488405 | 学院路分馆/ [索取号:TU-862/JY73] | 在馆 |